00757nam a2200193 a 450000100100000000500170001000800410002702000150006804000250008310000300010824500370013826000750017530000180025049000390026850400730030783000610038095201050044199900170054600004391820201002045037.0140508s1999 sp 000 0 spa d a8472328392 aDO-SdBNPbspacBNPHU1 aJurado, Ramón H.97182510aDesertores /cRamón H. Jurado. aMadrid :bAgencia Española de Cooperación Internacionalv16c1999. a232 ;c23 cm.1 aBiblioteca Libreria Iberoamericana aIncluye referencias bibliográficas y notas al pie de las páginas 0aBiblioteca Libreria Iberoamericana y Filipinav16971826 001050718MOaGRbGRcCTd2014-05-08iLF1l0o p43918-10r2020-06-25w2020-06-25y1ZNo se presta c43407d43407